Journal of Health and Human Services Administration
محفوظ في:
التنسيق: دورية
اللغة: Undetermined
منشور في:
JSTOR
SPAEF
الموضوعات:
الوصول للمادة أونلاين: Login to view Source
الوسوم: إضافة وسم
لا توجد وسوم, كن أول من يضع وسما على هذه التسجيلة!
رقم الطلب:
| LEADER | 00531nas a2200169Ia 4500 | ||
|---|---|---|---|
| 008 | 220214c99999999xx |||||||||||| ||und|| | ||
| 022 | |a 1079-3739 | ||
| 022 | |a 2168-5509 | ||
| 245 | 0 | 0 | |a Journal of Health and Human Services Administration |
| 264 | 1 | |b JSTOR | |
| 264 | 1 | |b SPAEF | |
| 362 | 0 | |a Vol. 17(1994)-41 (2018) | |
| 653 | 1 | 0 | |a Medicine & Allied Health |
| 856 | 4 | 0 | |u https://www.jstor.org/journal/jhealhumaservadm |
| 942 | |c JL | ||
| 952 | |0 0 |1 0 |4 0 |7 1 |9 35652 |a JSR |b JSR |d 2022-02-14 |l 0 |r 2022-02-14 00:00:00 |w 2022-02-14 |y JL | ||
| 999 | |c 43985 |d 43985 | ||
